000 00636nam a2200253Ia 4500
003 OSt
005 20220924153342.0
006 a|||||r|||| 00| 0
007 ta
008 220923b |||||||| |||| 00| 0 tam d
024 _a349313
037 _cTextual
040 _aARTS
_cARTS
_btam
041 _2tam
_atam
082 _aO31,1M82:g, N3
100 _aArumugam N. Au.
_9228619
245 0 _aKavignarum arignarum
260 _c1993
300 _a112p.
_ccm.
650 _a TAMIL POETRY
650 _aTAMIL LITERATURE
942 _hO31,1M82:g, N3
_cTEXL
_2CC
999 _c473287
_d473287